000 00517nam a2200181 a 4500
001 3297
005 20140414131908.0
008 040721s19uu xx 00 eng d
020 _a0-679-89236-2
050 _aER
_bB35 1998
100 _aBerenstain, Stan & Jan
245 _aBerenstain Bears get the don't haftas (The) /
_cStan and Jan Berenstain.
260 _aNew York :
_bRandom House,
_c1998.
300 _a1 v. p. : ill. ; cm.
440 _aJellybean Books
650 _aChildren stories.
999 _c111063
_d111063